000 00765nam a2200181Ia 4500
008 100921s9999 xx 000 0 und d
082 _b6621
_a120 थ 85
100 _aलिमये विनायक राजाराम.
245 _aसन्मानाने मरण्याचा हक्क.
260 _bलिमये विनायक राजाराम,सांगली.
_c1985
300 _a123
_b---
365 _b5
520 _aतत्वज्ञान-जीवन-मरण.
630 _aसन्मानाने मरण्याचा हक्क.
650 _aतत्वज्ञान-जीवन-मरण.
730 _aसन्मानाने मरण्याचा हक्क.
942 _cBOOK
999 _c755734
_d755731